000 02639nam2a2200325 4500
001 RU\NLR\BIBL_A\011896492
005 20250626145006.0
035 _a(NLR Aleph) 011896492
090 _a10860638
_c10860638
100 _a20181219d2018 |||y0rusy50 ca
101 0 _arus
_deng
102 _aRU
105 _aa z 000yy
200 1 _aПерспективные технологии и сортименты в виноградарстве и виноделии
_dPromising technologies and assortiments in the viticulture and wine-making
_eматериалы Международного научно-практического форума "Перспективные технологии в агропромышленном комплексе" (3-7 сентября 2018 г.)
_zeng
210 _d2018
_aБ. м.
215 _a193 с.
_cил.
_d29
300 _aРез. на англ. яз.
320 _aБиблиогр. в конце ст.
461 0 _1001RU\NLR\BIBL_A\012517059
_12001#$aНаучные труды$dScientific works$fФедерал. гос. бюджет. науч. учреждение "Сев.-Кавк. федерал. науч. центр садоводства, виноградарства, виноделия"$eпериодическое издание$zeng$vТ. 18
_912306712
_aСеверо-Кавказский федеральный научный центр садоводства, виноградарства, виноделия (Краснодар)
_cКраснодар
_d2017 -
_fФедерал. гос. бюджет. науч. учреждение "Сев.-Кавк. федерал. науч. центр садоводства, виноградарства, виноделия"
_lScientific works
_nФГБНУ СКФНЦСВВ
_oпериодическое издание
_tНаучные труды
_vТ. 18
510 1 _aPromising technologies and assortiments in the viticulture and wine-making
_zeng
606 1 _aВиноградарство
_jСборники
_xИнновационные технологии
_92616088
_3RU\NLR\AUTH\661552647
606 1 _aВиноделие
_jСъезды, совещания и т.п
_xИнновационные технологии
_92625030
_3RU\NLR\AUTH\661561590
686 1 _aП26я43
686 1 _aЛ874я431(0)
711 1 2 _a"Перспективные технологии в агропромышленном комплексе", международный научно-практический форум
_eКраснодар
_f2018
_9642715
_3RU\NLR\AUTH\880491195
852 _aNLR
_jП13/1409
942 _cISSUE
980 _aNB
980 _aRUSPER